|
|
|
|
| LEADER |
00000nab a2200000 a 4500 |
| 001 |
vtls000751746 |
| 003 |
SK-MaSNL |
| 005 |
20260302192654.0 |
| 008 |
180206c2000 xo 0 slo |
| 015 |
|
|
|a SNBRB2001/03-09471
|
| 035 |
|
|
|a CLN000103539
|
| 040 |
|
|
|a SNKBUCL
|b slo
|c SNKBUCL
|e AACR2
|
| 041 |
0 |
|
|a slo
|
| 044 |
|
|
|a xo
|c SK
|
| 080 |
|
|
|a 32.019.5(437.6):32:33:301.15
|2 UDC-MRF-SK2
|
| 080 |
|
|
|a 32(437.6):32.019.5(437.6)
|2 UDC-MRF-SK2
|
| 080 |
|
|
|a 33(437.6):32.019.5(437.6)
|2 UDC-MRF-SK2
|
| 080 |
|
|
|a 301.15(437.6):32.019.5(437.6)
|2 UDC-MRF-SK2
|
| 100 |
1 |
|
|a Velšic, Marián,
|d 1967-
|4 aut
|9 209998
|
| 245 |
1 |
0 |
|a Spoločensko-politická klíma na Slovensku
|c Marián Vešic
|
| 300 |
|
|
|b Grafy, tab.
|
| 650 |
0 |
7 |
|a mienka verejná
|z Slovensko
|x politika
|x hospodárstvo
|2 snkbucl
|9 910191
|
| 650 |
0 |
7 |
|a politika sociálna
|z Slovensko
|x mienka verejná
|y 2000
|2 snkbucl
|9 910192
|
| 650 |
0 |
7 |
|a politika hospodárska
|z Slovensko
|x mienka verejná
|y 2000
|2 snkbucl
|9 910193
|
| 651 |
|
7 |
|a Slovensko
|x politika vnútorná
|x mienka verejná
|y 2000
|2 snkbucl
|9 910194
|
| 651 |
|
7 |
|a Slovensko
|x politika zahraničná
|x mienka verejná
|y 2000
|2 snkbucl
|9 910195
|
| 651 |
|
7 |
|a Slovensko
|x politika hospodárska
|x mienka verejná
|y 2000
|2 snkbucl
|9 910196
|
| 655 |
|
7 |
|a články z novín a časopisov
|2 snkbucl
|9 267496
|
| 773 |
0 |
|
|t Sme
|g Roč. 8, č. 93 (20.4.2000), s. 5
|
| 850 |
|
|
|a Slovenská národná knižnica v Martine
|
| 852 |
|
|
|a SNK
|b KIS3GCP
|
| 958 |
|
|
|a RBX
|
| 999 |
|
|
|c 1441639
|d 1443569
|